Quản trị chiến lược trong nền kinh tế toàn cầu/

Guardat en:
Dades bibliogràfiques
Autor principal: Phạm Thị Thu Phương, TS
Format: Llibre
Idioma:Vietnamese
Publicat: Khoa học và kỹ thuật 2002
Etiquetes: Afegir etiqueta
Sense etiquetes, Sigues el primer a etiquetar aquest registre!
Thư viện lưu trữ: Mạng thư viện Đại học Đà Nẵng
LEADER 00686nam a2200265 4500
001 000028075
003 PH-PK
005 20150403120000.0
008 150403s vm 000 vie
020 |c 0,0000 
040 |a notts 
100 |a Phạm Thị Thu Phương, TS 
245 |a Quản trị chiến lược trong nền kinh tế toàn cầu/  |c Phạm Thị Thu Phương. 
260 |b Khoa học và kỹ thuật  |c 2002 
OWN |a LTT 
999 |a From the UDN01 
TYP |a Monograph 
TYP |a Printed language 
980 |a Mạng thư viện Đại học Đà Nẵng